[Event "2016 South Wales International"]
[Site "Cardiff"]
[Date "2016.07.11"]
[Round "8"]
[Board "12"]
[White "Ivekovic, Tihana"]
[Black "Parry, Matthew"]
[Result "1-0"]
[WhiteElo "2129"]
[BlackElo "1909"]
[PlyCount "0"]
[EventDate "2016.07.07"]
[EventRounds "10"]
[EventCountry "WLS"]

1. d4 {[%clk 1:30:58]} d5 {[%clk 1:30:35]} 2. c4 {[%clk 1:31:22]} e6
{[%clk 1:31:01]} 3. Nc3 {[%clk 1:31:34]} c6 {[%clk 1:31:25]} 4. e3
{[%clk 1:31:57]} Nf6 {[%clk 1:31:05]} 5. Nf3 {[%clk 1:32:21]} Be7
{[%clk 1:31:13]} 6. Bd3 {[%clk 1:32:18]} Nbd7 {[%clk 1:29:14]} 7. O-O
{[%clk 1:32:30]} O-O {[%clk 1:29:22]} 8. Qc2 {[%clk 1:32:45]} Re8
{[%clk 1:29:22]} 9. Ne5 {[%clk 1:27:55]} dxc4 {[%clk 1:28:45]} 10. Bxc4
{[%clk 1:26:17]} Nb6 {[%clk 1:18:34]} 11. Bd3 {[%clk 1:22:47]} Nbd5
{[%clk 1:17:11]} 12. a3 {[%clk 1:18:08]} Bd7 {[%clk 1:12:54]} 13. e4
{[%clk 1:11:57]} Nxc3 {[%clk 1:11:39]} 14. bxc3 {[%clk 1:12:21]} c5
{[%clk 1:10:40]} 15. Nxd7 {[%clk 1:00:48]} Nxd7 {[%clk 1:10:49]} 16. e5
{[%clk 1:01:08]} Nf8 {[%clk 1:08:57]} 17. Bb5 {[%clk 1:00:09]} Nd7
{[%clk 1:08:52]} 18. Qe4 {[%clk 0:58:43]} Qc7 {[%clk 1:07:45]} 19. Bd3
{[%clk 0:57:38]} Nf8 {[%clk 1:07:28]} 20. Be3 {[%clk 0:54:34]} c4
{[%clk 1:05:53]} 21. Bc2 {[%clk 0:54:28]} Qa5 {[%clk 1:02:20]} 22. Bd2
{[%clk 0:54:30]} Qd5 {[%clk 1:00:45]} 23. Rfb1 {[%clk 0:52:09]} Rab8
{[%clk 0:58:07]} 24. a4 {[%clk 0:50:33]} Qxe4 {[%clk 0:56:18]} 25. Bxe4
{[%clk 0:50:58]} b6 {[%clk 0:56:30]} 26. Kf1 {[%clk 0:47:22]} Rec8
{[%clk 0:52:48]} 27. a5 {[%clk 0:34:17]} b5 {[%clk 0:49:49]} 28. a6
{[%clk 0:33:29]} Rb6 {[%clk 0:46:01]} 29. Be1 {[%clk 0:33:34]} f5
{[%clk 0:41:13]} 30. Bb7 {[%clk 0:15:20]} Rd8 {[%clk 0:38:43]} 31. Bd2
{[%clk 0:12:33]} Kf7 {[%clk 0:38:24]} 32. Ra5 {[%clk 0:11:44]} b4
{[%clk 0:38:15]} 33. cxb4 {[%clk 0:12:09]} Rxd4 {[%clk 0:37:49]} 34. Be3
{[%clk 0:12:35]} Rxb4 {[%clk 0:38:01]} 35. Rxb4 {[%clk 0:13:00]} Bxb4
{[%clk 0:38:22]} 36. Bxd4 {[%clk 0:13:22]} Bxa5 {[%clk 0:38:43]} 37. Bxa7
{[%clk 0:13:48]} Nd7 {[%clk 0:38:10]} 38. Be3 {[%clk 0:13:49]} c3
{[%clk 0:38:00]} 39. a7 {[%clk 0:14:08]} Nb6 {[%clk 0:38:20]} 40. Bxb6
{[%clk 0:14:28]} c2 {[%clk 0:38:45]} 41. Be3 {[%clk 0:14:54]} Bb6
{[%clk 0:38:28]} 42. Bc1 {[%clk 0:13:10]} Bxa7 {[%clk 0:38:50]} 43. Ke2
{[%clk 0:13:05]} h6 {[%clk 0:37:54]} 44. f4 {[%clk 0:10:31]} Bg1 {[%clk 0:37:49]}
45. h3 {[%clk 0:10:33]} Bh2 {[%clk 0:38:11]} 46. Ba6 {[%clk 0:09:41]} g5
{[%clk 0:38:10]} 47. Bd3 {[%clk 0:10:04]} h5 {[%clk 0:37:55]} 48. Bxc2
{[%clk 0:09:37]} gxf4 {[%clk 0:37:52]} 49. Kf3 {[%clk 0:09:59]} Bg1
{[%clk 0:37:08]} 50. Bxf4 {[%clk 0:10:23]} Bd4 {[%clk 0:37:18]} 51. Kg3
{[%clk 0:10:25]} 1-0

[Event "2016 South Wales International"]
[Site "Cardiff"]
[Date "2016.07.11"]
[Round "8"]
[Board "13"]
[White "Mccarthy, Damian"]
[Black "Brown, Thomas"]
[Result "0-1"]
[WhiteElo "1878"]
[BlackElo "2107"]
[PlyCount "0"]
[EventDate "2016.07.07"]
[EventRounds "10"]
[EventCountry "WLS"]

1. e4 {[%clk 1:29:41]} c5 {[%clk 1:25:45]} 2. Nf3 {[%clk 1:30:01]} Nc6
{[%clk 1:26:06]} 3. d4 {[%clk 1:30:24]} cxd4 {[%clk 1:26:29]} 4. Nxd4
{[%clk 1:30:49]} g6 {[%clk 1:25:55]} 5. Nc3 {[%clk 1:31:12]} Bg7 {[%clk 1:25:52]}
6. Be3 {[%clk 1:31:33]} Nf6 {[%clk 1:25:34]} 7. Bc4 {[%clk 1:31:45]} O-O
{[%clk 1:25:27]} 8. Bb3 {[%clk 1:32:07]} d6 {[%clk 1:23:56]} 9. f3
{[%clk 1:31:20]} Bd7 {[%clk 1:23:49]} 10. Qd2 {[%clk 1:31:36]} Nxd4
{[%clk 1:23:36]} 11. Bxd4 {[%clk 1:31:54]} b5 {[%clk 1:23:47]} 12. O-O
{[%clk 1:27:09]} b4 {[%clk 1:18:10]} 13. Nd5 {[%clk 1:26:56]} Nxd5
{[%clk 1:18:30]} 14. Bxg7 {[%clk 1:26:34]} Kxg7 {[%clk 1:18:53]} 15. exd5
{[%clk 1:20:19]} Qb6+ {[%clk 1:15:29]} 16. Kh1 {[%clk 1:20:00]} a5
{[%clk 1:03:58]} 17. Bc4 {[%clk 1:06:52]} Rac8 {[%clk 0:58:29]} 18. Qe2
{[%clk 0:55:42]} Qd4 {[%clk 0:44:33]} 19. b3 {[%clk 0:55:24]} Rfe8
{[%clk 0:40:00]} 20. Rad1 {[%clk 0:51:20]} Qf6 {[%clk 0:37:05]} 21. Qd2
{[%clk 0:46:51]} Rc5 {[%clk 0:35:33]} 22. Rfe1 {[%clk 0:46:18]} Bb5
{[%clk 0:34:13]} 23. Bxb5 {[%clk 0:44:50]} Rxb5 {[%clk 0:34:25]} 24. a3
{[%clk 0:30:10]} bxa3 {[%clk 0:22:53]} 25. Ra1 {[%clk 0:29:32]} Qf5
{[%clk 0:21:56]} 26. c4 {[%clk 0:16:38]} Rxb3 {[%clk 0:19:59]} 27. Rxa3
{[%clk 0:16:29]} Rb4 {[%clk 0:16:48]} 28. c5 {[%clk 0:12:07]} dxc5
{[%clk 0:16:39]} 29. Qc3+ {[%clk 0:09:07]} Kg8 {[%clk 0:07:46]} 30. Rxa5
{[%clk 0:07:36]} Reb8 {[%clk 0:05:02]} 31. Qxc5 {[%clk 0:05:38]} Rb1
{[%clk 0:03:00]} 32. Ra1 {[%clk 0:06:01]} Rxa1 {[%clk 0:03:05]} 33. Rxa1
{[%clk 0:06:26]} Rb1+ {[%clk 0:03:24]} 34. Rxb1 {[%clk 0:06:55]} Qxb1+
{[%clk 0:03:49]} 35. Qg1 {[%clk 0:07:18]} Qd3 {[%clk 0:04:09]} 36. Qc1
{[%clk 0:04:28]} Qxd5 {[%clk 0:03:41]} 37. Qc8+ {[%clk 0:04:05]} Kg7
{[%clk 0:04:00]} 38. Qc3+ {[%clk 0:04:21]} e5 {[%clk 0:03:25]} 39. h3
{[%clk 0:04:39]} Qd1+ {[%clk 0:02:11]} 40. Kh2 {[%clk 0:04:59]} Qd4
{[%clk 0:02:33]} 41. Qc6 {[%clk 0:03:31]} h5 {[%clk 0:27:09]} 42. Qb7
{[%clk 0:33:01]} Qf4+ {[%clk 0:27:01]} 43. Kg1 {[%clk 0:32:45]} g5
{[%clk 0:23:55]} 44. Qd7 {[%clk 0:33:03]} Qd4+ {[%clk 0:24:09]} 45. Qxd4
{[%clk 0:32:11]} exd4 {[%clk 0:24:35]} 46. Kf2 {[%clk 0:32:31]} Kf6
{[%clk 0:24:57]} 47. Ke2 {[%clk 0:32:52]} h4 {[%clk 0:24:12]} 48. Kd2
{[%clk 0:32:22]} Ke5 {[%clk 0:24:32]} 49. Kd3 {[%clk 0:32:46]} Kd5
{[%clk 0:24:03]} 0-1

[Event "2016 South Wales International"]
[Site "Cardiff"]
[Date "2016.07.11"]
[Round "8"]
[Board "14"]
[White "Robertson, Jim"]
[Black "Rodriguez, Juan Talavera"]
[Result "0-1"]
[WhiteElo "1649"]
[BlackElo "2020"]
[PlyCount "0"]
[EventDate "2016.07.07"]
[EventRounds "10"]
[EventCountry "WLS"]

1. d4 {[%clk 1:30:54]} Nf6 {[%clk 1:10:37]} 2. e3 {[%clk 1:30:03]} g6
{[%clk 1:10:33]} 3. f4 {[%clk 1:30:12]} d5 {[%clk 1:10:08]} 4. Bd3
{[%clk 1:29:50]} c5 {[%clk 1:09:53]} 5. c3 {[%clk 1:30:10]} Bg7 {[%clk 1:09:34]}
6. Nf3 {[%clk 1:30:11]} Bg4 {[%clk 1:07:11]} 7. Nbd2 {[%clk 1:28:19]} Nc6
{[%clk 1:07:08]} 8. O-O {[%clk 1:27:18]} e6 {[%clk 1:04:42]} 9. Qc2
{[%clk 1:22:55]} c4 {[%clk 1:04:10]} 10. Be2 {[%clk 1:22:26]} Bf5
{[%clk 1:04:38]} 11. Qd1 {[%clk 1:22:31]} Ng4 {[%clk 1:01:15]} 12. Nb1
{[%clk 1:21:42]} h5 {[%clk 1:01:30]} 13. h3 {[%clk 1:00:51]} Nh6 {[%clk 1:00:26]}
14. Nbd2 {[%clk 0:57:46]} b5 {[%clk 1:00:07]} 15. Ng5 {[%clk 0:55:04]} e5
{[%clk 0:53:23]} 16. dxe5 {[%clk 0:49:25]} Nxe5 {[%clk 0:53:21]} 17. fxe5
{[%clk 0:48:43]} Qxg5 {[%clk 0:53:11]} 18. Nf3 {[%clk 0:48:56]} Qd8
{[%clk 0:52:41]} 19. Qd4 {[%clk 0:39:33]} O-O {[%clk 0:52:28]} 20. Rd1
{[%clk 0:38:01]} Be4 {[%clk 0:51:55]} 21. Qd2 {[%clk 0:27:19]} Nf5
{[%clk 0:50:45]} 22. Qe1 {[%clk 0:25:44]} Bh6 {[%clk 0:49:15]} 23. Qf2
{[%clk 0:23:50]} Qe7 {[%clk 0:45:39]} 24. g4 {[%clk 0:23:30]} Ng7
{[%clk 0:42:56]} 25. Qg3 {[%clk 0:21:30]} Rfe8 {[%clk 0:41:34]} 26. Nd4
{[%clk 0:17:41]} h4 {[%clk 0:38:49]} 27. Qf2 {[%clk 0:16:48]} a6 {[%clk 0:34:42]}
28. Rf1 {[%clk 0:15:58]} Rac8 {[%clk 0:31:23]} 29. Qf6 {[%clk 0:13:08]} Bg5
{[%clk 0:30:27]} 30. Qxe7 {[%clk 0:12:46]} Rxe7 {[%clk 0:27:34]} 31. Nf3
{[%clk 0:12:08]} Ne6 {[%clk 0:27:53]} 32. Nd4 {[%clk 0:11:51]} Nc5
{[%clk 0:27:13]} 33. Nf3 {[%clk 0:11:28]} Bxf3 {[%clk 0:27:34]} 34. Rxf3
{[%clk 0:09:12]} Rxe5 {[%clk 0:27:40]} 35. a4 {[%clk 0:07:52]} Nxa4
{[%clk 0:27:40]} 36. Bd2 {[%clk 0:06:06]} Rc7 {[%clk 0:25:44]} 37. Kg2
{[%clk 0:05:04]} Rce7 {[%clk 0:24:52]} 38. Bd1 {[%clk 0:02:16]} Nxb2
{[%clk 0:22:19]} 39. Bc2 {[%clk 0:02:13]} Ra7 {[%clk 0:21:17]} 40. Kf2
{[%clk 0:00:50]} Re6 {[%clk 0:16:44]} 41. Ke2 {[%clk 0:30:00]} b4
{[%clk 0:45:57]} 42. cxb4 {[%clk 0:28:34]} d4 {[%clk 0:42:29]} 0-1

[Event "2016 South Wales International"]
[Site "Cardiff"]
[Date "2016.07.11"]
[Round "8"]
[Board "15"]
[White "Bullen, Alex"]
[Black "Cresswell, Mike J"]
[Result "1-0"]
[WhiteElo "2045"]
[BlackElo "1770"]
[PlyCount "0"]
[EventDate "2016.07.07"]
[EventRounds "10"]
[EventCountry "WLS"]

1. e4 {[%clk 1:30:58]} Nf6 {[%clk 1:30:55]} 2. Nc3 {[%clk 1:31:20]} d5
{[%clk 1:31:15]} 3. e5 {[%clk 1:31:44]} d4 {[%clk 1:31:39]} 4. Nce2
{[%clk 1:32:08]} Nd5 {[%clk 1:28:16]} 5. Nxd4 {[%clk 1:24:40]} e6
{[%clk 1:27:59]} 6. Nb3 {[%clk 1:23:40]} Nd7 {[%clk 1:26:29]} 7. d4
{[%clk 1:23:19]} Be7 {[%clk 1:23:19]} 8. Nf3 {[%clk 1:23:12]} Nf8
{[%clk 1:21:06]} 9. c3 {[%clk 1:21:07]} c6 {[%clk 1:16:28]} 10. Bd3
{[%clk 1:21:05]} Ng6 {[%clk 1:14:21]} 11. g3 {[%clk 1:17:36]} Bd7
{[%clk 1:11:24]} 12. h4 {[%clk 1:17:01]} Qc7 {[%clk 1:05:06]} 13. Bd2
{[%clk 1:15:41]} O-O-O {[%clk 1:03:47]} 14. Qe2 {[%clk 1:15:01]} f6
{[%clk 0:56:31]} 15. h5 {[%clk 1:14:30]} Nf8 {[%clk 0:56:26]} 16. O-O-O
{[%clk 1:13:57]} h6 {[%clk 0:52:45]} 17. Kb1 {[%clk 1:11:37]} Kb8
{[%clk 0:50:43]} 18. Rc1 {[%clk 1:08:07]} Ka8 {[%clk 0:38:38]} 19. c4
{[%clk 0:59:53]} Nb4 {[%clk 0:37:03]} 20. Bxb4 {[%clk 1:00:06]} Bxb4
{[%clk 0:37:21]} 21. c5 {[%clk 0:57:56]} b6 {[%clk 0:32:20]} 22. a3
{[%clk 0:56:45]} Ba5 {[%clk 0:31:52]} 23. Nxa5 {[%clk 0:56:47]} bxa5
{[%clk 0:32:12]} 24. Rc4 {[%clk 0:56:02]} Nh7 {[%clk 0:29:15]} 25. Ra4
{[%clk 0:53:34]} Rb8 {[%clk 0:26:27]} 26. Qd2 {[%clk 0:52:13]} Rb3
{[%clk 0:25:14]} 27. Ka2 {[%clk 0:46:26]} Rhb8 {[%clk 0:24:30]} 28. Rb1
{[%clk 0:43:29]} f5 {[%clk 0:19:43]} 29. Qc2 {[%clk 0:42:48]} Be8
{[%clk 0:16:52]} 30. Nd2 {[%clk 0:42:47]} R3b5 {[%clk 0:14:45]} 31. g4
{[%clk 0:37:43]} Ng5 {[%clk 0:13:33]} 32. gxf5 {[%clk 0:36:44]} exf5
{[%clk 0:13:45]} 33. Qc3 {[%clk 0:33:45]} Bxh5 {[%clk 0:13:11]} 34. Bxb5
{[%clk 0:33:04]} Rxb5 {[%clk 0:13:26]} 35. Re1 {[%clk 0:30:36]} Bf7+
{[%clk 0:12:43]} 36. Ka1 {[%clk 0:27:25]} Be6 {[%clk 0:12:08]} 37. f4
{[%clk 0:23:51]} Ne4 {[%clk 0:09:37]} 38. Nxe4 {[%clk 0:23:58]} fxe4
{[%clk 0:09:47]} 39. b4 {[%clk 0:21:49]} axb4 {[%clk 0:09:26]} 40. Rxb4
{[%clk 0:21:54]} Rxb4 {[%clk 0:08:06]} 41. Qxb4 {[%clk 0:20:57]} Qd7
{[%clk 0:07:44]} 42. Rb1 {[%clk 0:14:59]} Qc7 43. f5 {[%clk 0:04:48]} Bxf5
{[%clk 0:05:55]} 44. Qb3 {[%clk 0:05:09]} Qc8 {[%clk 0:02:05]} 45. d5
{[%clk 0:04:58]} e3 {[%clk 0:00:33]} 46. Rb2 {[%clk 0:03:34]} Bg4
{[%clk 0:28:20]} 47. Qxe3 {[%clk 0:30:52]} cxd5 {[%clk 0:28:24]} 48. Qb3
{[%clk 0:28:24]} Be6 {[%clk 0:28:15]} 49. c6 {[%clk 0:27:40]} h5 {[%clk 0:26:48]}
50. Qb7+ {[%clk 0:27:13]} Qxb7 {[%clk 0:26:40]} 51. Rxb7 {[%clk 0:27:34]} h4
{[%clk 0:24:06]} 52. Re7 {[%clk 0:27:08]} Bc8 {[%clk 0:23:08]} 53. Re8
{[%clk 0:27:29]} Kb8 {[%clk 0:23:22]} 54. e6 {[%clk 0:27:49]} Kc7
{[%clk 0:22:36]} 55. Rxc8+ {[%clk 0:28:04]} Kxc8 {[%clk 0:22:29]} 56. e7
{[%clk 0:28:27]} 1-0

[Event "2016 South Wales International"]
[Site "Cardiff"]
[Date "2016.07.11"]
[Round "8"]
[Board "16"]
[White "Rovaretti, David"]
[Black "Waterfield, John W"]
[Result "0-1"]
[WhiteElo "1635"]
[BlackElo "1980"]
[PlyCount "0"]
[EventDate "2016.07.07"]
[EventRounds "10"]
[EventCountry "WLS"]

1. e4 {[%clk 1:30:53]} c5 {[%clk 1:30:44]} 2. Nf3 {[%clk 1:31:10]} Nc6
{[%clk 1:30:54]} 3. c3 {[%clk 1:31:09]} d5 {[%clk 1:28:04]} 4. e5
{[%clk 1:26:12]} g6 {[%clk 1:23:44]} 5. d4 {[%clk 1:26:25]} cxd4 {[%clk 1:24:10]}
6. cxd4 {[%clk 1:26:50]} Bg4 {[%clk 1:23:38]} 7. Bb5 {[%clk 1:25:05]} Rc8
{[%clk 1:21:47]} 8. Be3 {[%clk 1:18:00]} Nh6 {[%clk 1:20:49]} 9. h3
{[%clk 1:17:42]} Bxf3 {[%clk 1:20:38]} 10. Qxf3 {[%clk 1:17:30]} Bg7
{[%clk 1:16:54]} 11. Nc3 {[%clk 1:17:52]} e6 {[%clk 1:15:14]} 12. a3
{[%clk 1:13:00]} O-O {[%clk 1:14:51]} 13. Bxc6 {[%clk 1:11:45]} Rxc6
{[%clk 1:14:30]} 14. g4 {[%clk 1:07:30]} f6 {[%clk 1:11:34]} 15. Qg3
{[%clk 1:00:41]} fxe5 {[%clk 1:05:36]} 16. dxe5 {[%clk 0:59:39]} Nf7
{[%clk 1:00:22]} 17. f4 {[%clk 0:58:20]} Qb8 {[%clk 0:56:19]} 18. Bd4
{[%clk 0:58:27]} g5 {[%clk 0:53:01]} 19. O-O {[%clk 0:49:35]} gxf4
{[%clk 0:52:57]} 20. Qxf4 {[%clk 0:48:49]} Bxe5 {[%clk 0:51:04]} 21. Bxe5
{[%clk 0:48:47]} Qxe5 {[%clk 0:50:56]} 22. Rac1 {[%clk 0:40:11]} Qxf4
{[%clk 0:50:12]} 23. Rxf4 {[%clk 0:38:00]} Ne5 {[%clk 0:49:46]} 24. Rxf8+
{[%clk 0:38:08]} Kxf8 {[%clk 0:50:12]} 25. Ne2 {[%clk 0:37:34]} Rxc1+
{[%clk 0:49:05]} 26. Nxc1 {[%clk 0:37:58]} Nc4 {[%clk 0:47:53]} 27. Nd3
{[%clk 0:37:10]} Ke7 {[%clk 0:46:37]} 28. g5 {[%clk 0:37:16]} e5 {[%clk 0:46:33]}
29. b3 {[%clk 0:36:29]} e4 {[%clk 0:46:14]} 30. Nf4 {[%clk 0:35:51]} Ne5
{[%clk 0:42:19]} 31. Nxd5+ {[%clk 0:35:55]} Ke6 {[%clk 0:41:45]} 32. Ne3
{[%clk 0:34:56]} Nf3+ {[%clk 0:41:44]} 33. Kg2 {[%clk 0:34:56]} Ke5
{[%clk 0:37:38]} 34. Kg3 {[%clk 0:26:05]} Nxg5 {[%clk 0:37:40]} 35. h4
{[%clk 0:25:32]} Ne6 {[%clk 0:37:13]} 36. Kg4 {[%clk 0:18:18]} Kd4
{[%clk 0:34:14]} 37. Nd1 {[%clk 0:15:43]} Kd3 {[%clk 0:32:41]} 38. Nf2+
{[%clk 0:11:31]} Ke3 {[%clk 0:32:46]} 39. Nd1+ {[%clk 0:11:44]} Kd2
{[%clk 0:31:40]} 40. Kf5 {[%clk 0:08:29]} Kxd1 {[%clk 0:31:18]} 41. Kxe4
{[%clk 0:08:48]} Nc5+ {[%clk 0:30:45]} 42. Kf5 {[%clk 0:08:41]} Nxb3
{[%clk 0:30:00]} 43. Kf6 {[%clk 0:09:05]} h5 {[%clk 0:26:29]} 44. Kg6
{[%clk 0:09:15]} Nd4 45. Kxh5 {[%clk 0:08:46]} Nf3 {[%clk 0:27:17]} 46. Kg4
{[%clk 0:09:09]} Nxh4 47. Kxh4 b5 {[%clk 0:27:08]} 48. Kg4 {[%clk 0:09:29]} a5
{[%clk 0:27:24]} 49. Kf4 {[%clk 0:09:34]} b4 {[%clk 0:27:44]} 0-1

[Event "2016 South Wales International"]
[Site "Cardiff"]
[Date "2016.07.11"]
[Round "8"]
[Board "17"]
[White "Davis, Lee"]
[Black "Sivarajasingam, Shayanna"]
[Result "1-0"]
[WhiteElo "1946"]
[BlackElo "1622"]
[PlyCount "159"]
[EventDate "2016.07.07"]
[EventRounds "10"]
[EventCountry "WLS"]

1. d4 d5 2. g3 Nf6 3. Bg2 Bf5 4. Nf3 e6 5. O-O Be7 6. c4 c6 7. Nc3 Nbd7 8. b3
O-O 9. Bb2 Ne4 10. Nd2 Nxc3 11. Bxc3 Qc7 12. f3 Rad8 13. e4 dxe4 14. fxe4 Bg6
15. e5 c5 16. d5 exd5 17. Bxd5 b6 18. Qe2 Rde8 19. e6 Bf6 20. exf7+ Bxf7 21.
Bxf7+ Kxf7 22. Ne4 Qc6 23. Qh5+ Kg8 24. Nxf6+ Nxf6 25. Bxf6 Rxf6 26. Rxf6 gxf6
27. Qg4+ Kf7 28. Rd1 Re7 29. Rd8 Re8 30. Qh5+ Kf8 31. Qh6+ Kg8 32. Rxe8+ Qxe8
33. Qxf6 Qe3+ 34. Qf2 Qc1+ 35. Kg2 Qb1 36. Qe2 Qg6 37. g4 h5 38. h3 h4 39. Kf3
Qf6+ 40. Ke4 Qe6+ 41. Kd3 Qd6+ 42. Kc2 Kg7 43. Qd2 Qg6+ 44. Qd3 Qe6 45. Kd2
Qh6+ 46. Ke2 Qe6+ 47. Kf3 Qf6+ 48. Qf5 Qc3+ 49. Kf4 Qd4+ 50. Qe4 Qf6+ 51. Ke3
Qc3+ 52. Qd3 Qe5+ 53. Kd2 Qb2+ 54. Kd1 Qa1+ 55. Ke2 Qb2+ 56. Qd2 Qe5+ 57. Kf3
Qf6+ 58. Kg2 Kh8 59. Qe2 Kg7 60. Qf2 Qe5 61. Qxh4 Qe2+ 62. Qf2 Qe4+ 63. Qf3
Qc2+ 64. Qf2 Qe4+ 65. Kg3 Qd3+ 66. Qf3 Qd6+ 67. Qf4 Qd3+ 68. Qf3 Qd6+ 69. Kg2
Qd2+ 70. Qf2 Qc3 71. g5 Kg8 72. g6 Qg7 73. Qf7+ Qxf7 74. gxf7+ Kxf7 75. Kf3 Kf6
76. Ke4 Ke6 77. h4 a6 78. a4 a5 79. h5 Kf6 80. Kd5 1-0

[Event "2016 South Wales International"]
[Site "Cardiff"]
[Date "2016.07.11"]
[Round "8"]
[Board "18"]
[White "Wilson, Matthew R"]
[Black "Harris, Calum"]
[Result "1-0"]
[WhiteElo "1772"]
[BlackElo "1675"]
[PlyCount "111"]
[EventDate "2016.07.07"]
[EventRounds "10"]
[EventCountry "WLS"]

1. e4 c5 2. Nc3 e6 3. f4 d5 4. Nf3 d4 5. Nb1 Nf6 6. Bb5+ Bd7 7. Bxd7+ Nbxd7 8.
d3 Be7 9. O-O Qc7 10. a4 O-O 11. Na3 a6 12. Bd2 Rfb8 13. a5 b5 14. axb6 Nxb6
15. b3 Nfd7 16. Qe2 f6 17. Qf2 Rf8 18. Rfb1 e5 19. f5 Nb8 20. g4 Nc6 21. Kh1
Kf7 22. Qh4 Rh8 23. Qh5+ g6 24. Qh6 g5 25. Qh5+ Kg7 26. Kg2 Qc8 27. Qh3 Qe8 28.
Qg3 h5 29. h4 hxg4 30. Qxg4 Qh5 31. Qxh5 Rxh5 32. hxg5 fxg5 33. Rh1 Rah8 34.
Rxh5 Rxh5 35. Nc4 Nxc4 36. bxc4 g4 37. Ng1 Nb8 38. Rb1 Rh8 39. Rb7 Kf6 40. Rb6+
Kf7 41. Re6 Bf6 42. Ba5 Rc8 43. Rb6 Nc6 44. Rb7+ Be7 45. Bd2 a5 46. Bg5 Rb8 47.
Rc7 Rb2 48. f6 Rxc2+ 49. Kg3 a4 50. fxe7 Nxe7 51. Bxe7 Rc3 52. Bxc5+ Ke6 53.
Kxg4 Rxd3 54. Nf3 Re3 55. Kg5 Rxf3 56. Re7# 1-0

[Event "2016 South Wales International"]
[Site "Cardiff"]
[Date "2016.07.11"]
[Round "8"]
[Board "19"]
[White "Hurn, Robert Aj"]
[Black "Orton, Paul"]
[Result "1/2-1/2"]
[WhiteElo "1623"]
[BlackElo "1595"]
[PlyCount "51"]
[EventDate "2016.07.07"]
[EventRounds "10"]
[EventCountry "WLS"]

1. d4 Nf6 2. c4 e6 3. Nc3 Bb4 4. e3 O-O 5. Bd3 d5 6. Nf3 c5 7. O-O cxd4 8. exd4
b6 9. Bg5 Bb7 10. cxd5 exd5 11. Rc1 Nbd7 12. Re1 Re8 13. a3 Rxe1+ 14. Qxe1 Be7
15. Qd2 Rc8 16. Re1 a6 17. Bb1 Nf8 18. Ne5 Ne6 19. Be3 Nf8 20. f4 Rc7 21. Qe2
Ne8 22. Qh5 g6 23. Qf3 f5 24. Ba2 Nf6 25. Rc1 Kg7 26. h3 1/2-1/2

[Event "2016 South Wales International"]
[Site "Cardiff"]
[Date "2016.07.11"]
[Round "8"]
[Board "20"]
[White "Jones, Jeremy"]
[Black "Bonutto, Stephen"]
[Result "1-0"]
[WhiteElo "1595"]
[BlackElo "1391"]
[PlyCount "79"]
[EventDate "2016.07.07"]
[EventRounds "10"]
[EventCountry "WLS"]

1. d4 d5 2. c4 e6 3. cxd5 exd5 4. Nf3 Nf6 5. Bg5 Be7 6. e3 O-O 7. Bd3 Ne4 8.
Bxe7 Qxe7 9. O-O Nd7 10. Qc2 Ndf6 11. Nbd2 Nxd2 12. Nxd2 h6 13. Rac1 c6 14.
Rfe1 Be6 15. a3 Rac8 16. b4 Ne8 17. Bh7+ Kh8 18. Bd3 Nd6 19. Qa4 b5 20. Qc2 Nc4
21. Nxc4 bxc4 22. Bf5 Qf6 23. Bxe6 fxe6 24. Re2 Rf7 25. Qc3 Rcf8 26. Qc2 h5 27.
Qa4 Rc8 28. Qd1 Qg6 29. Qe1 Qd3 30. Rc3 Qe4 31. f3 Qg6 32. e4 Rf4 33. exd5 exd5
34. Re6 Rf6 35. Rce3 Rxe6 36. Rxe6 Qd3 37. Qe5 c3 38. Rh6+ Kg8 39. Qe6+ Kf8 40.
Rh8# 1-0

[Event "2016 South Wales International"]
[Site "Cardiff"]
[Date "2016.07.11"]
[Round "8"]
[Board "21"]
[White "Thomas, Roy"]
[Black "Chung, Ethan Cheung Jing"]
[Result "1-0"]
[WhiteElo "1751"]
[BlackElo "1322"]
[PlyCount "67"]
[EventDate "2016.07.07"]
[EventRounds "10"]
[EventCountry "WLS"]

1. f4 d5 2. e3 e6 3. Nf3 c5 4. Be2 Nc6 5. O-O Be7 6. d3 f5 7. Ne5 Nf6 8. Qe1
O-O 9. Nd2 Bd6 10. Ndf3 Bxe5 11. fxe5 Nd7 12. d4 cxd4 13. exd4 Qb6 14. Qf2 Nb4
15. Bd1 Rf7 16. Kh1 Qd8 17. Ng5 Re7 18. Qh4 Nf8 19. Rf3 h6 20. Rh3 Ng6 21. Qh5
Qe8 22. Nf3 Nf8 23. Qh4 Ng6 24. Qg3 Kh7 25. Ng5+ Kg8 26. c3 Nc6 27. Bh5 Rc7 28.
Nf3 Nce7 29. Nh4 Kh7 30. Bg5 hxg5 31. Qxg5 Kg8 32. Nxg6 Nxg6 33. Bxg6 Qd7 34.
Qh5 1-0

[Event "2016 South Wales International"]
[Site "Cardiff"]
[Date "2016.07.11"]
[Round "8"]
[Board "22"]
[White "Lutchman Singh, Karanvir"]
[Black "Cox, John"]
[Result "1-0"]
[WhiteElo "1716"]
[BlackElo "1469"]
[PlyCount "59"]
[EventDate "2016.07.07"]
[EventRounds "10"]
[EventCountry "WLS"]

1. e4 c5 2. Nf3 d6 3. c3 Nf6 4. Bd3 Nc6 5. Bc2 Bg4 6. O-O g6 7. h3 Bxf3 8. Qxf3
e5 9. d3 Bg7 10. Bg5 O-O 11. Bb3 h6 12. Bh4 g5 13. Bg3 Qd7 14. Nd2 g4 15. hxg4
Qxg4 16. Qxg4 Nxg4 17. Nc4 Rad8 18. f3 Nf6 19. Ne3 Nh5 20. Bh2 Ne7 21. Bc4 a6
22. a4 Kh7 23. Rab1 f5 24. b4 f4 25. Nd5 Nxd5 26. Bxd5 b6 27. bxc5 dxc5 28.
Rxb6 Rf6 29. Rfb1 Rdd6 30. a5 1-0

[Event "2016 South Wales International"]
[Site "Cardiff"]
[Date "2016.07.11"]
[Round "8"]
[Board "23"]
[White "O`rourke, Kevin"]
[Black "Calist, Aron"]
[Result "0-1"]
[WhiteElo "1367"]
[BlackElo "1500"]
[PlyCount "60"]
[EventDate "2016.07.07"]
[EventRounds "10"]
[EventCountry "WLS"]

1. e4 c5 2. Nf3 Nc6 3. d4 cxd4 4. Nxd4 g6 5. Nxc6 bxc6 6. Bd2 Bg7 7. Bc3 Nf6 8.
e5 Nd5 9. Bd4 c5 10. Nc3 cxd4 11. Nxd5 Qa5+ 12. c3 Qxd5 13. Qxd4 Qxe5+ 14. Qxe5
Bxe5 15. O-O-O O-O 16. g3 Bb7 17. Rg1 d6 18. f4 Bg7 19. Be2 Rab8 20. g4 Bc6 21.
h4 Rb6 22. g5 Rfb8 23. Rd2 Bxc3 24. bxc3 Rb1+ 25. Kc2 Rxg1 26. Bd1 Rg2 27. Be2
Bb5 28. c4 Rc8 29. Kb3 Rxe2 30. Rd4 Bxc4+ 0-1

[Event "2016 South Wales International"]
[Site "Cardiff"]
[Date "2016.07.11"]
[Round "8"]
[Board "24"]
[White "Chapman, Dafydd"]
[Black "Lutchman Singh, Aishwarya"]
[Result "1-0"]
[WhiteElo "1392"]
[BlackElo "1443"]
[PlyCount "71"]
[EventDate "2016.07.07"]
[EventRounds "10"]
[EventCountry "WLS"]

1. e4 e5 2. Nf3 Nc6 3. Bc4 Be7 4. O-O Nf6 5. Re1 d6 6. h3 O-O 7. d4 Ne8 8. Nc3
Kh8 9. Be3 f5 10. dxe5 fxe4 11. Nxe4 dxe5 12. Qxd8 Bxd8 13. Nfg5 Bxg5 14. Bxg5
Bf5 15. Bd3 Nb4 16. Rad1 h6 17. Be7 Nxd3 18. Rxd3 Rf7 19. Bh4 Nd6 20. Nxd6 cxd6
21. Rxd6 Bxc2 22. Rxe5 g5 23. Rxh6+ Kg7 24. Bxg5 Raf8 25. Be3 Rd8 26. Rg5+ Kxh6
27. Rg8+ Kh7 28. Rxd8 Rg7 29. f4 Be4 30. g4 Rc7 31. Rd2 Rc1+ 32. Kf2 Rh1 33.
Kg3 Re1 34. Rd7+ Kh6 35. Kf2 Rh1 36. f5# 1-0

[Event "2016 South Wales International"]
[Site "Cardiff"]
[Date "2016.07.11"]
[Round "8"]
[Board "25"]
[White "Jaberansari, Daniel"]
[Black "Ray, Hiya"]
[Result "0-1"]
[WhiteElo "1265"]
[BlackElo "1442"]
[PlyCount "62"]
[EventDate "2016.07.07"]
[EventRounds "10"]
[EventCountry "WLS"]

1. e4 c5 2. c3 Nf6 3. e5 Nd5 4. d4 cxd4 5. cxd4 Nc6 6. f4 Qa5+ 7. Bd2 Qb6 8.
Bc3 Nxf4 9. Qf3 Nxd4 10. Qe4 Nde6 11. Bc4 Qc6 12. Qxc6 bxc6 13. g3 Ng6 14. h4
d5 15. exd6 exd6 16. h5 Ne7 17. Bb4 Nf5 18. Bd3 Ned4 19. Bc3 c5 20. b4 cxb4 21.
Bxb4 Nxg3 22. Rh2 Be6 23. Rg2 Nxh5 24. Rg5 Nf4 25. Be4 d5 26. Bxf8 Kxf8 27. Bh1
Nc2+ 28. Kd2 Nxa1 29. Nc3 Rd8 30. Nf3 g6 31. Ne5 f6 0-1